Coolest African Capitals - Statistics

General Stats
  • This quiz has been taken 81 times
  • The average score is 8 of 12
Answer Stats
°C Capital % Correct
18.2 Pretoria
82%
16.2 Cape Town
79%
17.8 Nairobi
68%
17.2 Rabat
68%
18.4 Harare
67%
16.3 Addis Ababa
64%
15.1 Maseru
60%
15.6 Bloemfontein
58%
16.5 Mbabane
58%
18.3 Antananarivo
57%
17.8 Algiers
56%
15.6 Asmara
46%
No matching quizzes found
Score Distribution
Percent of People with Each Score
Percentile by Number Answered
Your Score History
You have not taken this quiz